| 000 | 01555nam0a2200313 i 4500 | ||
|---|---|---|---|
| 001 | RU\NLR\BIBL_A\010449261 | ||
| 005 | 20260406111912.0 | ||
| 010 |
_a9785838801142 _9186 |
||
| 021 |
_aRU _b2014-41137 _92506 |
||
| 035 | _a(NLR Aleph) 010449261 | ||
| 090 |
_a9920499 _c9920499 |
||
| 100 | _a20140807d2012 k y0rusy50 ca | ||
| 101 | 0 | _arus | |
| 102 | _aRU | ||
| 105 | _aa|||7|||001yy | ||
| 200 | 1 |
_aПедиатрическая андрология _f[Г. Н. Румянцева, В. Н. Карташев, А. Л. Аврасин и др. _gпод общ. ред. проф. Г. Н. Румянцевой] _gГБОУ ВПО Твер. ГМА Минздрава России |
|
| 210 |
_aТверь _cРедакционно-издательский центр Тверской государственной медицинской академии _d2012 |
||
| 215 |
_a173 с. _cил., цв. ил. _d25 |
||
| 320 | _aБиблиогр. в конце гл. | ||
| 606 |
_aАндрология детского возраста _9985398 _3RU\NLR\AUTH\6653272 |
||
| 686 | 1 | _aР733.696.6 | |
| 701 | 1 |
_aРумянцева _bГ. Н. _gГалина Николаевна |
|
| 701 | 1 |
_aКарташев _bВ. Н. _gВладимир Николаевич |
|
| 701 | 1 |
_aАврасин _bА. Л. _gАлександр Львович |
|
| 712 | 0 | 2 |
_4570 _aТверская государственная медицинская академия _3RU\NLR\AUTH\887562 _9287260 |
| 942 | _cBOOK | ||
| 980 | _aNBR | ||